00179nam a22000857a 4500082001600000100001700016245001600033260003500049300000900084 a808.4 KAY'H aKAYANI, M. R aHALF TRUTHS aLAHOREbPAKISTAN SOCIETYc1976 a102P